|
|
|
|
| LEADER |
00000cam a22000004a 4500 |
| 001 |
musev2_8060 |
| 003 |
MdBmJHUP |
| 005 |
20230905040921.0 |
| 006 |
m o d |
| 007 |
cr||||||||nn|n |
| 008 |
020322s2002 hiu o 00 0 eng d |
| 010 |
|
|
|z 2002004637
|
| 020 |
|
|
|a 9780824864200
|
| 020 |
|
|
|z 0824864204
|
| 020 |
|
|
|z 9780824822606
|
| 035 |
|
|
|a (OCoLC)70748546
|
| 040 |
|
|
|a MdBmJHUP
|c MdBmJHUP
|
| 043 |
|
|
|a a-ja---
|
| 050 |
0 |
4 |
|a BQ982.Y944
|b G76 2002
|
| 082 |
0 |
|
|a 294.3/92
|a B
|2 21
|
| 100 |
1 |
|
|a Groner, Paul,
|d 1946-
|
| 245 |
1 |
0 |
|a Ryogen and Mount Hiei :
|b Japanese Tendai in the Tenth Century /
|c Paul Groner.
|
| 264 |
|
1 |
|a Honolulu :
|b University of Hawaiʻi Press,
|c 2002.
|
| 264 |
|
3 |
|a Baltimore, Md. :
|b Project MUSE,
|c 2012
|
| 264 |
|
4 |
|c ©2002.
|
| 300 |
|
|
|a 1 online resource:
|b map ;
|
| 336 |
|
|
|a text
|b txt
|2 rdacontent
|
| 337 |
|
|
|a computer
|b c
|2 rdamedia
|
| 338 |
|
|
|a online resource
|b cr
|2 rdacarrier
|
| 500 |
|
|
|a "A Kuroda Institute book."
|
| 504 |
|
|
|a Includes bibliographical references (p. 491-509) and index.
|
| 505 |
0 |
|
|a Ryōgen's place in the history of the Tendai School -- The early history of factionalism within the Tendai School: from Saichō through the mid-tenth century -- Ryōgen's early years -- Ryōgen's rise to prominence -- Ryōgen and the Fujiwaras: patronage and esoteric Buddhism ritual -- The Ōwa debates -- Ryōgen's appointment's as head of the Tendai School and to the office of monastic affairs -- The significance of Ryōgen's revival of the examination system -- Rebuilding the Tendai establishment on Mount Hiei -- Ryōgen as Zasu: financing the spread of Tendai influence -- Factionalism and Ryōgen's efforts to control the order -- Ryōgen and the role of nuns in ninth- and tenth-century Japan -- Epilogue: Ryōgen's posthumous career.
|
| 588 |
|
|
|a Description based on print version record.
|
| 600 |
0 |
0 |
|a Ryōgen,
|d 912-985.
|
| 650 |
|
0 |
|a Tendai priests
|z Japan
|v Biography.
|
| 650 |
|
0 |
|a Tendai (Sect)
|x History.
|
| 655 |
|
7 |
|a Electronic books.
|2 local
|
| 710 |
2 |
|
|a Project Muse.
|e distributor
|
| 830 |
|
0 |
|a Book collections on Project MUSE.
|
| 856 |
4 |
0 |
|z Texto completo
|u https://projectmuse.uam.elogim.com/book/8060/
|
| 945 |
|
|
|a Project MUSE - Custom Collection
|
| 945 |
|
|
|a Project MUSE - Archive Complete Foundation
|
| 945 |
|
|
|a Project MUSE - Archive Philosophy and Religion Foundation
|
| 945 |
|
|
|a Project MUSE - Archive Asian and Pacific Studies Foundation
|